| 000 | 01771cam a2200313 a 4500 | ||
|---|---|---|---|
| 003 | OSt | ||
| 005 | 20210526120201.0 | ||
| 008 | 070814s2006 ck a b 000 0 spa d | ||
| 020 | _z9584400178 | ||
| 035 | _a(OCoLC)ocn181601397 | ||
| 040 |
_aCOO _cCO-JMCR |
||
| 041 | _aspa | ||
| 082 | 0 | 4 |
_a331.12 / _bU731i _223 |
| 100 | 1 |
_aUribe, José Ignacio, _eautor _926504 |
|
| 245 | 1 | 0 |
_aInformalidad laboral en Colombia, 1988-2000 : _bevolución, teorías y modelos / _cJosé Ignacio Uribe, Carlos Humberto Ortiz. |
| 250 | _aPrimera edición | ||
| 260 |
_aCali, Colombia : _bPrograma Editorial Universidad del Valle, _c[2006] |
||
| 300 |
_a210 páginas : _bilustraciones y gráficas en blanco y negro ; _c24 cm. |
||
| 490 | 1 | _aColección Libros de Investigación | |
| 501 | _aCon: notas a pie de página. | ||
| 504 | _aBibliografía : páginas 203-210. | ||
| 505 | _aVisiones sobre la informalidad laboral y una propuesta alternativa. -- Informalidad laboral urbana en Colombia: un contraste de hipótesis. -- Enfoque neoclásico de las decisiones en el mercado laboral colombiano. -- Industrialización, informalidad y apertura comercial. -- La segmentación del mercado laboral colombiano en la década de los noventa. -- Informalidad y defectos locales en las diez principales áreas metropolitanas de Colombia. -- Resumen, conclusiones y recomendaciones. | ||
| 520 | 0 | _aA pesar de su creciente importancia, nadie sabe hoy en día qué se entiende exactamente por sector informal ni que lo determina. | |
| 650 | 1 | 4 |
_aSector informal (economía) _zColombia. _937920 |
| 650 | 2 | 4 |
_aOferta de trabajo _zColombia. _937921 |
| 700 | 1 |
_aOrtiz, Carlos Humberto. _eautor _937922 |
|
| 830 | 0 |
_aColección Libros de investigación (Cali, Colombia) _937923 |
|
| 942 |
_2ddc _cBK |
||
| 999 |
_c11810 _d11810 |
||